000 02149nam0a2200325 i 4500
001 RU\NLR\BIBL_A\011107810
005 20260408123547.0
010 _a9785889993025
_9300
021 _aRU
_b2016-28542
_91837
035 _a(NILC)RuMoRGB-008275426
035 _a(NLR Aleph) 011107810
090 _a11457463
_c11457463
100 _a20160425d2015 u y0rusy50 ca
101 0 _arus
102 _aRU
105 _a |||z|||000
200 1 _aМероприятия по личной гигиене полости рта
_eметодические рекомендации для слушателей 2-го курса стоматологического факультета по специальности 06201 - Стоматология по модулю "Профилактика и коммунальная стоматология"
_fГос. бюджетное образовательное учреждение высш. проф. образования "Первый Санкт-Петербургский гос. мед. ун-т им. акад. И. П. Павлова" М-ва здравоохранения Российской Федерации, Каф. профилактической стоматологии
_g[С. Б. Улитовский и др.
_gнауч. ред. С. Б. Улитовский]
210 _aСанкт-Петербург
_cИзд-во СПбГМУ
_d2015
215 _a32 с.
_cил.
_d21
320 _aБиблиогр.: с. 25-32 (102 назв.)
606 1 _aПолость рта
_jМетодические пособия
_xГигиена
_91952083
_3RU\NLR\AUTH\66892985
686 1 _aР120.42я8
686 1 _aР128.34я8
702 1 _aУлитовский
_bС. Б.
_gСергей Борисович
_4220
712 0 2 _4570
_aСанкт-Петербургский государственный медицинский университет им. И. П. Павлова
_bКафедра профилактической стоматологии
_3RU\NLR\AUTH\880425741
_9516034
801 0 _aRU
_bРГБ
_c20160411
_gRCR
942 _cBOOK
980 _aNBR